New Zealand All Blacks Rugby - Most Frequent Referees - Statistics

General Stats
  • This quiz has been taken 135 times
    16 since last reset
  • The average score is 5 of 15
Answer Stats
All Blacks Games Reffed Country Referee % Correct
25 Wales Nigel Owens
100%
17 England Wayne Barnes
81%
19 South Africa Craig Joubert
56%
12 France Romain Poite
44%
16 South Africa Jaco Peyper
38%
13 France Jerome Garces
38%
18 South Africa Jonathan Kaplan
31%
16 Ireland Alain Rolland
25%
16 Wales Derek Bevan
25%
12 Australia Peter Marshall
25%
10 England Chris White
13%
12 Australia Stuart Dickinson
13%
10 Australia Wayne Erickson
13%
10 Scotland Jim Fleming
0%
13 New Zealand Pat Murphy
0%
No matching quizzes found
Score Distribution
Percent of People with Each Score
Percentile by Number Answered
Your Score History
You have not taken this quiz since the last reset